LEADER 01256nam a2200277 i 4500 001 000000122112 003 CaOOAMICUS 005 20040123000000.0 008 040123s1999 it u000 u ita u 013 $a94807 040 $aSeMil$bita 100 1 $aFreschi, Giannetto.$0(OLS)http://semarc/name/50757 245 10$aGiannetto Freschi :$bpittore /$cEnrico Crispolti. 260 $a[S.l.] :$bFondazione Cassa di Risparmio di Genova e Imperia,$ccopyr. 1999. 260 $a[Genova] :$bBanca Carige,$ccopyr. 1999. 300 $a223 p. :$briccamente ill. ;$c28 cm. 500 $aContiene : Bibliografia. - In cofanetto. - Fondo Card. C.M. Martini. 650 4$aPittura italiana - Giannetto Freschi.$0(OLS)http://semarc/subject/23140 700 1 $aCrispolti, Enrico,$d<1933- >.$0(OLS)http://semarc/name/24827 850 $aSeMil 852 $aSeMil$W1$xVenegono$y1$m5H VII 12$j77136$B77136$CSeMilBibl$Z2$F78955 $81 941 1 $a4 961 $aOmaggio: Martini Card. Carlo Maria 996 $6245$aGiannetto Freschi :$bpittore$9(OLS)http://semarc/title/179922 996 $6260$a[Genova] :$bBanca Carige$9(OLS)http://semarc/publisher/32952 996 $6260$a[S.l.] :$bFondazione Cassa di Risparmio di Genova e Imperia$9(OLS)http://semarc/publisher/46158 LEADER 01076nam a2200253 i 4500 001 000000206237 003 CaOOAMICUS 005 20210318122200.0 008 110926s1955 it u000 u ita u 013 $a184998 040 $aSeMil$bita 100 1 $aGiordani, Igino,$d <1894-1980>.$0(OLS)http://semarc/name/799 245 10$aAlcide De Gasperi /$cIgino Giordani. 260 $a[Milano] :$bArnoldo Mondadori Editore,$c1955. 300 $a379 p., [30] carte di tav. :$bill. ;$c21 cm. 500 $aIn mezzo al front.: con 28 illustrazioni fuori testo e 3 facsimili. 600 14$aDe Gasperi, Alcide <1881-1954>.$0(OLS)http://semarc/subject/3987 850 $aSeMil 852 $aSeMil$W1$xVenegono$y1$m3U III 87$j156720$B156720$CSeMilBibl$Z2$F167951 $81 852 $aSeMil$W1$xVenegono$y1$m3N II 766$j225134$B236105$CSeMilBibl$Z2$F236105 $81 961 $aVolpi Paolo - Lascito 996 $6245$aAlcide De Gasperi$9(OLS)http://semarc/title/139292 996 $6260$a[Milano] :$bArnoldo Mondadori Editore$9(OLS)http://semarc/publisher/29634